|
|
|
|
| LEADER |
00000ny a22000003n 4500 |
| 005 |
20110517140845.0 |
| 008 |
100805c2010 sp qr p r 0 a0spa d |
| 022 |
|
|
|a 0034-9488
|
| 035 |
|
|
|a 4935
|
| 040 |
|
|
|a BUS
|d vLex
|
| 080 |
|
|
|a 347.764(460)(05)
|
| 090 |
|
|
|c 2037
|d 2037
|
| 245 |
0 |
0 |
|a Revista espaǫla de seguros
|h [Recurso electrn̤ico]
|
| 256 |
|
|
|a Servicio en ln̕ea
|
| 260 |
|
|
|a Madrid :
|b Asociacin̤ Internacional de Derecho de Seguros,
|
| 310 |
|
|
|a Trimestral
|
| 506 |
1 |
|
|a Contenido solo disponible en los productos indicados
|d vLex Global
|d vLex Global (Academic Edition, excluding Law Schools)
|d vLex Global (U.S. Academic Edition, Law Schools)
|d vLex Global (U.S. Academic Edition, excluding Law Schools)
|d vLex Global (Academic Edition, Law Schools)
|
| 650 |
0 |
4 |
|a Seguro
|x Derecho
|z Espaą
|x Publicaciones perid̤icas
|
| 740 |
0 |
|
|a vLex Revista (Servicios en ln̕ea)
|
| 843 |
|
|
|a Electrn̤ica. Abierta
|
| 853 |
|
|
|8 1
|i (year)
|j (month)
|k (day)
|
| 856 |
4 |
0 |
|u http://vlex.com/source/4935
|z Acceso restringido
|
| 942 |
|
|
|c REV
|